[Event "Mittelrhein Verbandsliga-O 1112"]
[Site "Germany"]
[Date "2011.10.09"]
[Round "2"]
[White "Koenig, Christian"]
[Black "Eigemann, Frederik"]
[Result "1/2-1/2"]
[WhiteElo "2020"]
[BlackElo "1997"]
[PlyCount "64"]
[EventDate "2011.09.18"]
[EventType "team-tourn"]
[EventRounds "11"]
[EventCountry "GER"]
[SourceTitle "EXT 2013"]
[Source "ChessBase"]
[SourceDate "2012.11.22"]
[SourceVersion "1"]
[SourceVersionDate "2012.11.22"]
[SourceQuality "1"]
[WhiteTeam "Lohmar"]
[BlackTeam "Koeln Porz III"]
[WhiteTeamCountry "GER"]
[BlackTeamCountry "GER"]

1. e4 e6 2. d4 d5 3. Nc3 Bb4 4. exd5 exd5 5. Bd3 Nc6 6. a3 Be7 7. Nce2 Nf6 8. c3 0-0 9. Ng3 Re8 10. N1e2 Bd6 11. 0-0 Ne7 12. Bg5 Ng6 13. Qc2 h6 14. Bd2 Ne7 15. b4 c6 16. Rae1 Qc7 17. f4 Bg4 18. h3 Bd7 19. Rf3 b6 20. Kh1 a5 21. Ng1 axb4 22. axb4 c5 23. bxc5 bxc5 24. dxc5 Bxc5 25. Rff1 Ba4 26. Qc1 Qd6 27. Be3 Ba3 28. Qd2 Rab8 29. Rb1 Rxb1 30. Rxb1 Rb8 31. Bd4 Rxb1 32. Bxb1 Bc5 1/2-1/2

[Event "Cologne Longerich op 8th"]
[Site "Cologne"]
[Date "2011.08.13"]
[Round "2"]
[White "Eigemann, Frederik"]
[Black "Maczkowiak, Thomas"]
[Result "1/2-1/2"]
[WhiteElo "2014"]
[BlackElo "1834"]
[PlyCount "103"]
[EventDate "2011.08.12"]
[EventType "swiss"]
[EventRounds "5"]
[EventCountry "GER"]
[SourceTitle "CBM 144 Extra"]
[Source "ChessBase"]
[SourceDate "2011.10.28"]
[SourceVersion "1"]
[SourceVersionDate "2011.10.28"]
[SourceQuality "1"]

1. d4 Nf6 2. Bg5 Ne4 3. Bf4 c5 4. f3 Qa5+ 5. c3 Nf6 6. Nd2 cxd4 7. Nc4 Qc5 8. cxd4 Qf5 9. Bxb8 Rxb8 10. e4 Qg5 11. Nh3 Qh6 12. Qa4 a6 13. Qa5 e6 14. Qe5 Ra8 15. Nd6+ Bxd6 16. Qxd6 Qe3+ 17. Be2 b5 18. Rd1 Bb7 19. Qf4 Qxf4 20. Nxf4 0-0 21. Rc1 Rfc8 22. Kd2 Kf8 23. Nd3 d6 24. Rxc8+ Rxc8 25. Rc1 Rxc1 26. Nxc1 Ke7 27. Kc3 Kd7 28. Kb4 Kc7 29. Ka5 Nd7 30. a4 bxa4 31. Bxa6 Bxa6 32. Kxa6 Kc6 33. Ka5 Nb6 34. Kb4 d5 35. Nd3 f6 36. Nc5 Nc4 37. Nxe6 Nxb2 38. Nxg7 Nd3+ 39. Kxa4 Ne1 40. Nh5 Nxg2 41. Nxf6 Nh4 42. Nxd5 Nxf3 43. Ne7+ Kd7 44. Nf5 Nxh2 45. d5 Nf3 46. Kb4 h5 47. Kc4 h4 48. d6 Ke6 49. Nxh4 Nxh4 50. Kc5 Nf3 51. Kc6 Ne5+ 52. Kc7 1/2-1/2

[Event "Dortmund Sparkassen op-A"]
[Site "Dortmund"]
[Date "2011.07.24"]
[Round "2"]
[White "Eigemann, Frederik"]
[Black "Kusnetsov, Mark"]
[Result "1-0"]
[WhiteElo "1976"]
[BlackElo "2184"]
[PlyCount "121"]
[EventDate "2011.07.23"]
[EventType "swiss"]
[EventRounds "9"]
[EventCountry "GER"]
[SourceTitle "CBM 143 Extra"]
[Source "ChessBase"]
[SourceDate "2011.08.29"]
[SourceVersion "1"]
[SourceVersionDate "2011.08.29"]
[SourceQuality "1"]

1. d4 Nf6 2. Bg5 d5 3. Bxf6 gxf6 4. e3 c6 5. c4 Qb6 6. Qb3 dxc4 7. Bxc4 Qxb3 8. Bxb3 Rg8 9. g3 Na6 10. Nc3 Bg4 11. Nge2 Bf3 12. 0-0 e6 13. Bc4 Nc7 14. Nf4 Bd6 15. Be2 Bxe2 16. Nfxe2 f5 17. Kg2 0-0-0 18. Rab1 Nd5 19. Rfc1 Kd7 20. a3 Nf6 21. Na4 Ne4 22. Rc2 b5 23. Nac3 Rb8 24. Nc1 Nxc3 25. Rxc3 b4 26. axb4 Rxb4 27. Ra1 Ra8 28. Nd3 Rb5 29. Rac1 Rc8 30. Kf3 f6 31. R1c2 e5 32. dxe5 fxe5 33. e4 fxe4+ 34. Kxe4 Rd5 35. Rc4 a5 36. R2c3 h5 37. h4 Rg8 38. Ke3 Rc8 39. Ke4 Rg8 40. Rxc6 Rg4+ 41. Ke3 e4 42. Nf4 Rb5 43. Rc2 Bxf4+ 44. gxf4 Rxh4 45. Kxe4 Rxb2 46. Rc7+ Kd8 47. Rc8+ Kd7 48. Rxb2 Kxc8 49. Ra2 Kd7 50. Rxa5 Ke6 51. Ra6+ Ke7 52. Kf5 Rh2 53. Rh6 h4 54. f3 Rh3 55. Kg4 Rg3+ 56. Kxh4 Rxf3 57. Kg5 Rg3+ 58. Kf5 Rf3 59. Rh7+ Kf8 60. Ke5 Kg8 61. Ra7 1-0

[Event "GER-ch Net qual3 U18"]
[Site "Playchess.com INT"]
[Date "2011.05.08"]
[Round "4"]
[White "Bashylin, Seva"]
[Black "Eigemann, Frederik"]
[Result "0-1"]
[WhiteElo "1665"]
[BlackElo "1871"]
[PlyCount "66"]
[EventDate "2011.05.08"]
[EventType "swiss (blitz)"]
[EventRounds "7"]
[EventCountry "GER"]
[SourceTitle "CBM 142 Extra"]
[Source "ChessBase"]
[SourceDate "2011.06.27"]
[SourceVersion "1"]
[SourceVersionDate "2011.06.27"]
[SourceQuality "1"]

1. e4 e6 2. d3 d5 3. Nd2 Nf6 4. g3 c5 5. Bg2 Be7 6. Ngf3 b5 7. 0-0 Nc6 8. e5 Nd7 9. Re1 a5 10. h4 Ba6 11. Nf1 b4 12. N1h2 a4 13. Bg5 h6 14. Bxe7 Qxe7 15. g4 Nb6 16. g5 hxg5 17. hxg5 0-0-0 18. c3 Kb7 19. d4 c4 20. cxb4 Nxb4 21. b3 c3 22. bxa4 c2 23. Qd2 Nd3 24. Qxc2 Nxe1 25. Nxe1 Rc8 26. Qb3 Bc4 27. Qb2 Ka7 28. Bf1 Rb8 29. Qc2 Qxg5+ 30. Ng2 Qh5 31. Bxc4 Qxh2+ 32. Kf1 Nxc4 33. Ne3 Nxe3+ 0-1

[Event "GER-ch Net qual3 U18"]
[Site "Playchess.com INT"]
[Date "2011.05.08"]
[Round "6"]
[White "Eigemann, Frederik"]
[Black "Kaphle, Sebastian"]
[Result "0-1"]
[WhiteElo "1871"]
[BlackElo "2234"]
[PlyCount "106"]
[EventDate "2011.05.08"]
[EventType "swiss (blitz)"]
[EventRounds "7"]
[EventCountry "GER"]
[SourceTitle "CBM 142 Extra"]
[Source "ChessBase"]
[SourceDate "2011.06.27"]
[SourceVersion "1"]
[SourceVersionDate "2011.06.27"]
[SourceQuality "1"]

1. d4 Nf6 2. Bg5 Ne4 3. Bf4 c5 4. f3 Nf6 5. dxc5 Qa5+ 6. Qd2 Qxc5 7. e4 d6 8. Nc3 Be6 9. Be3 Qc8 10. Nge2 Nc6 11. Nf4 g6 12. Ncd5 Bxd5 13. Nxd5 Bg7 14. 0-0-0 Nxd5 15. Qxd5 0-0 16. c3 Nb4 17. Qb3 a5 18. Kb1 Na6 19. h4 Nc5 20. Qc2 Qc6 21. h5 Rfc8 22. hxg6 hxg6 23. Bd4 Ne6 24. Bxg7 Kxg7 25. Rd5 Rh8 26. Rh3 Rxh3 27. gxh3 Nf4 28. Rd2 Qc5 29. Rf2 Rh8 30. Qd2 Nxh3 31. Bxh3 Rxh3 32. Qd4+ e5 33. Qxc5 dxc5 34. a4 c4 35. Kc2 f5 36. exf5 gxf5 37. b3 cxb3+ 38. Kxb3 Rh4 39. Re2 Kf6 40. Rd2 Rf4 41. Rd6+ Ke7 42. Rd5 Ke6 43. Rd3 e4 44. fxe4 Rxe4 45. Rf3 f4 46. Rf1 Kf5 47. Ka3 Re3 48. Kb3 Ke4 49. Kc2 f3 50. Kd2 Re2+ 51. Kd1 Ra2 52. Re1+ Kd3 53. Re8 Ra1# 0-1

[Event "GER-ch Net qual3 U18"]
[Site "Playchess.com INT"]
[Date "2011.05.08"]
[Round "2"]
[White "Stadler, Andreas"]
[Black "Eigemann, Frederik"]
[Result "1-0"]
[WhiteElo "1666"]
[BlackElo "1871"]
[PlyCount "75"]
[EventDate "2011.05.08"]
[EventType "swiss (blitz)"]
[EventRounds "7"]
[EventCountry "GER"]
[SourceTitle "CBM 142 Extra"]
[Source "ChessBase"]
[SourceDate "2011.06.27"]
[SourceVersion "1"]
[SourceVersionDate "2011.06.27"]
[SourceQuality "1"]

1. c4 c5 2. Nc3 b6 3. g3 Bb7 4. Nf3 Nf6 5. Bg2 e6 6. 0-0 d6 7. d3 Be7 8. e4 Nbd7 9. Be3 0-0 10. Nh4 Ne8 11. Nf3 a6 12. Qd2 Bc6 13. Ng5 b5 14. cxb5 axb5 15. f4 b4 16. Ne2 Ra5 17. f5 e5 18. h4 Nef6 19. Nf3 Qa8 20. Nh2 Rxa2 21. Rxa2 Qxa2 22. g4 Ne8 23. g5 f6 24. g6 hxg6 25. fxg6 Qe6 26. Qd1 f5 27. exf5 Rxf5 28. Bxc6 Qxg6+ 29. Kh1 Ndf6 30. Rxf5 Qxf5 31. Ng3 Qh3 32. Bg5 Kf8 33. Qf3 Bd8 34. Bxe8 Kxe8 35. Bxf6 Bxf6 36. Qc6+ Ke7 37. Qc7+ Ke6 38. Qc8+ 1-0

[Event "GER-chT U16"]
[Site "Naumburg"]
[Date "2010.12.30"]
[Round "7.2"]
[White "Kaulich, Philipp Theodor"]
[Black "Eigemann, Frederik"]
[Result "1-0"]
[WhiteElo "2020"]
[BlackElo "1998"]
[PlyCount "92"]
[EventDate "2010.12.27"]
[EventType "team-swiss"]
[EventRounds "7"]
[EventCountry "GER"]
[SourceTitle "CBM 140 Extra"]
[Source "ChessBase"]
[SourceDate "2011.03.01"]
[SourceVersion "1"]
[SourceVersionDate "2011.03.01"]
[SourceQuality "1"]
[WhiteTeam "Bebenhausen"]
[BlackTeam "Koeln Muelheim"]
[WhiteTeamCountry "GER"]
[BlackTeamCountry "GER"]

1. e4 e6 2. Nf3 d5 3. e5 b6 4. c3 Qd7 5. d4 c5 6. a3 Ba6 7. Bxa6 Nxa6 8. b4 Ne7 9. 0-0 Ng6 10. h4 h5 11. Bg5 Be7 12. g3 Rc8 13. Qd3 Nc7 14. Nbd2 Bxg5 15. Nxg5 Ne7 16. Ndf3 Nf5 17. Nh3 g6 18. bxc5 bxc5 19. Rfb1 Na8 20. Qa6 0-0 21. Rb7 Rc7 22. Rab1 cxd4 23. cxd4 Nb6 24. Rxc7 Qxc7 25. Nhg5 Rc8 26. Kg2 Rb8 27. a4 Nd7 28. Nxe6 Ne3+ 29. Kh3 Qc2 30. Rxb8+ Nxb8 31. Qxa7 Qf5+ 32. Kh2 Ng4+ 33. Kg2 Qxe6 34. Qxb8+ Kg7 35. Qb2 Qa6 36. Qb5 Qc8 37. Qb3 Qa6 38. Qc2 Qa5 39. Nh2 Qe1 40. Nxg4 hxg4 41. Kh2 Qb4 42. Qd1 Qb2 43. Kg2 Qa2 44. Qxg4 Qxa4 45. h5 Qb4 46. hxg6 fxg6 1-0

[Event "GER-chT U16"]
[Site "Naumburg"]
[Date "2010.12.28"]
[Round "4.2"]
[White "Salzmann, Thomas"]
[Black "Eigemann, Frederik"]
[Result "1/2-1/2"]
[WhiteElo "1708"]
[BlackElo "1998"]
[PlyCount "83"]
[EventDate "2010.12.27"]
[EventType "team-swiss"]
[EventRounds "7"]
[EventCountry "GER"]
[SourceTitle "CBM 140 Extra"]
[Source "ChessBase"]
[SourceDate "2011.03.01"]
[SourceVersion "1"]
[SourceVersionDate "2011.03.01"]
[SourceQuality "1"]
[WhiteTeam "Heinsberg"]
[BlackTeam "Koeln Muelheim"]
[WhiteTeamCountry "GER"]
[BlackTeamCountry "GER"]

1. e4 e6 2. b3 d5 3. Bb2 dxe4 4. Nc3 Nf6 5. Qe2 Be7 6. Nxe4 Nxe4 7. Qxe4 Bf6 8. d4 Qd5 9. Qxd5 exd5 10. Nf3 0-0 11. 0-0-0 Nc6 12. Ne5 Bf5 13. Nxc6 bxc6 14. Ba6 Bc8 15. Bxc8 Rfxc8 16. Rd3 Re8 17. Kd1 Re6 18. Bc1 Rae8 19. Be3 Kf8 20. Kd2 Ke7 21. b4 Kd7 22. Rb1 Rb8 23. Rdb3 a6 24. Kd3 Be7 25. c4 dxc4+ 26. Kxc4 Rg6 27. g3 Rd6 28. Ra3 Ra8 29. Ra5 Kc8 30. Rb3 Kb7 31. g4 h6 32. Bf4 Rd7 33. a4 Bh4 34. Be3 Bf6 35. Rd3 Re7 36. Rf5 Rd8 37. f4 Red7 38. d5 Kc8 39. b5 axb5+ 40. axb5 cxb5+ 41. Kxb5 Bb2 42. d6 1/2-1/2

[Event "Regionalliga Mittelrhein 1011"]
[Site "Germany"]
[Date "2010.11.14"]
[Round "2.4"]
[White "Eigemann, Frederik"]
[Black "Brueggemann, Frank"]
[Result "1/2-1/2"]
[WhiteElo "1999"]
[BlackElo "2030"]
[PlyCount "59"]
[EventDate "2010.10.24"]
[EventType "team"]
[EventRounds "9"]
[EventCountry "GER"]
[SourceTitle "EXT 2015"]
[Source "ChessBase"]
[SourceDate "2014.11.20"]
[SourceVersion "1"]
[SourceVersionDate "2014.11.20"]
[SourceQuality "1"]
[WhiteTeam "Koeln Muelheim"]
[BlackTeam "Aachen PTSV"]
[WhiteTeamCountry "GER"]
[BlackTeamCountry "GER"]

1. d4 Nf6 2. Bg5 d5 3. Bxf6 gxf6 4. e3 Nc6 5. c4 e6 6. a3 Bd7 7. cxd5 exd5 8. Nc3 Be6 9. b4 a6 10. g3 Bd6 11. Bg2 Ne7 12. Qb3 c6 13. Nge2 Qd7 14. h4 Bf5 15. Kd2 Nc8 16. Na4 Qc7 17. Rhc1 Nb6 18. Nxb6 Qxb6 19. Nc3 0-0 20. Na4 Qd8 21. Nc5 Qe7 22. Bf1 Rfe8 23. Bd3 Bxd3 24. Qxd3 a5 25. Qc3 axb4 26. axb4 Rec8 27. Nd3 Re8 28. Rcb1 Kh8 29. Kc2 Qe4 30. Kd2 1/2-1/2

[Event "Regionalliga Mittelrhein 1011"]
[Site "Germany"]
[Date "2010.10.24"]
[Round "1.4"]
[White "Herzwurm, Robert"]
[Black "Eigemann, Frederik"]
[Result "1-0"]
[WhiteElo "2034"]
[BlackElo "1999"]
[PlyCount "117"]
[EventDate "2010.10.24"]
[EventType "team"]
[EventRounds "9"]
[EventCountry "GER"]
[SourceTitle "EXT 2015"]
[Source "ChessBase"]
[SourceDate "2014.11.20"]
[SourceVersion "1"]
[SourceVersionDate "2014.11.20"]
[SourceQuality "1"]
[WhiteTeam "Euskirchen Turm"]
[BlackTeam "Koeln Muelheim"]
[WhiteTeamCountry "GER"]
[BlackTeamCountry "GER"]

1. e4 e6 2. d4 d5 3. e5 c5 4. c3 Qb6 5. Nf3 Bd7 6. Bd3 Bb5 7. dxc5 Bxc5 8. b4 Bxd3 9. Qxd3 Bf8 10. 0-0 Nc6 11. Be3 Qc7 12. Na3 a6 13. Rfe1 Nh6 14. Nc2 Nf5 15. Rac1 Be7 16. Bf4 g5 17. Nxg5 Rg8 18. Nf3 0-0-0 19. Ncd4 Nfxd4 20. Nxd4 Rg4 21. g3 Kb8 22. b5 axb5 23. Qxb5 Na7 24. Qd3 h5 25. h3 Rg7 26. Rb1 Rc8 27. Rb3 Qc4 28. Qxc4 dxc4 29. Rb2 Ba3 30. Rd2 Bc5 31. Rb1 Rd8 32. Be3 Rgg8 33. Kg2 Rge8 34. f4 Kc8 35. Kf3 Rd7 36. Rbd1 Red8 37. g4 hxg4+ 38. hxg4 Rh8 39. Kg3 Rhd8 40. Kf3 Bxd4 41. Rxd4 Rxd4 42. Rxd4 Rxd4 43. Bxd4 Nb5 44. Ke4 Kd7 45. f5 exf5+ 46. gxf5 Kc6 47. a4 Nc7 48. Be3 b5 49. a5 Na6 50. Bb6 Nb8 51. Kd4 Na6 52. Ba7 Nc7 53. Bb8 Nd5 54. Bd6 Nf4 55. e6 Kxd6 56. exf7 Ke7 57. a6 Ne2+ 58. Ke5 Nd4 59. cxd4 1-0

[Event "Moehnesee Cup 36th"]
[Site "Moehnesee"]
[Date "2010.08.28"]
[Round "4"]
[White "Chapman, Alan John"]
[Black "Eigemann, Frederik"]
[Result "1/2-1/2"]
[WhiteElo "2067"]
[BlackElo "1946"]
[PlyCount "120"]
[EventDate "2010.08.26"]
[EventType "swiss"]
[EventRounds "7"]
[EventCountry "GER"]
[SourceTitle "EXT 2011"]
[Source "ChessBase"]
[SourceDate "2010.11.26"]
[SourceVersion "1"]
[SourceVersionDate "2010.11.26"]
[SourceQuality "1"]

1. e4 e6 2. Nf3 b6 3. Nc3 Ne7 4. d4 d5 5. Bg5 dxe4 6. Nxe4 Bb7 7. Bd3 h6 8. Bh4 Nbc6 9. c3 Qd7 10. Qe2 Nd5 11. Bg3 0-0-0 12. Bb5 Qe7 13. Ned2 g5 14. Qc4 Na5 15. Qa4 a6 16. Bf1 Qe8 17. Qc2 Nc6 18. a3 Bg7 19. 0-0-0 f5 20. Be5 Bxe5 21. dxe5 g4 22. Nd4 Nxd4 23. cxd4 Nf4 24. Nc4 Qc6 25. Rg1 b5 26. g3 Nd5 27. Na5 Qxc2+ 28. Kxc2 Nb6 29. Bg2 Bxg2 30. Rxg2 Rd7 31. h3 h5 32. h4 Rhd8 33. Nc6 Rf8 34. Rgg1 Kb7 35. Na5+ Ka7 36. Rd2 f4 37. Rgd1 fxg3 38. fxg3 Rf3 39. Rd3 Rdf7 40. Nc6+ Ka8 41. Rxf3 Rxf3 42. Rd3 Rf2+ 43. Kd1 Rf8 44. Ne7 Rf7 45. Nc6 Rd7 46. Rd2 Nc4 47. d5 Ne3+ 48. Ke2 Nxd5 49. Nd4 Re7 50. Nxe6 Nb6 51. Rd8+ Ka7 52. Nd4 Rxe5+ 53. Kd3 Kb7 54. Rb8+ Kxb8 55. Nc6+ Kc8 56. Nxe5 Kd8 57. Ke4 Ke7 58. Kf5 Nd5 59. Kg5 Nf6 60. b4 Ke6 1/2-1/2

[Event "Moehnesee Cup 36th"]
[Site "Moehnesee"]
[Date "2010.08.27"]
[Round "2"]
[White "Schober, Ralf"]
[Black "Eigemann, Frederik"]
[Result "1/2-1/2"]
[WhiteElo "2111"]
[BlackElo "1946"]
[PlyCount "106"]
[EventDate "2010.08.26"]
[EventType "swiss"]
[EventRounds "7"]
[EventCountry "GER"]
[SourceTitle "EXT 2011"]
[Source "ChessBase"]
[SourceDate "2010.11.26"]
[SourceVersion "1"]
[SourceVersionDate "2010.11.26"]
[SourceQuality "1"]

1. e4 e6 2. f4 d5 3. e5 c5 4. Nf3 Nc6 5. c3 Nh6 6. Na3 Bd7 7. Nc2 Qb6 8. Ne3 f6 9. Qe2 fxe5 10. fxe5 0-0-0 11. d3 Be7 12. g3 Qc7 13. d4 cxd4 14. cxd4 Qb6 15. Nc2 Nf5 16. Qd3 Rdf8 17. Be2 h5 18. 0-0 g5 19. Be3 Rf7 20. Kg2 g4 21. Nd2 Rg7 22. Nb3 h4 23. Bf4 Qd8 24. Ne3 hxg3 25. hxg3 Nxe3+ 26. Qxe3 Be8 27. Bd3 Bg6 28. Bxg6 Rxg6 29. a3 Rh3 30. Rh1 Qh8 31. Qg1 Rg7 32. Rxh3 Qxh3+ 33. Kf2 Rh7 34. Qg2 Qh5 35. Rc1 Kb8 36. Ke3 Bg5 37. Nc5 Bxf4+ 38. gxf4 Qf5 39. Rh1 Rf7 40. Rh8+ Kc7 41. Nd3 Rh7 42. Rxh7+ Qxh7 43. Nf2 Qc2 44. Qxg4 Nxd4 45. Kxd4 Qxf2+ 46. Kc3 Qc5+ 47. Kd3 Qb5+ 48. Kc2 Qc4+ 49. Kd2 Qd4+ 50. Kc2 Qc4+ 51. Kd2 Qd4+ 52. Kc2 Qe4+ 53. Kd2 Qd4+ 1/2-1/2